Normal view
MARC view
- Merrill's international series in engineering technology
Entry Uniform Title
001 - CONTROL NUMBER
- control field: 7453
003 - CONTROL NUMBER IDENTIFIER
- control field: NUST
005 - DATE AND TIME OF LATEST TRANSACTION
- control field: 20171218124924.0
008 - FIXED-LENGTH DATA ELEMENTS
- fixed length control field: 171218|| aca||aabn | a|a d
040 ## - CATALOGING SOURCE
- Original cataloging agency: NUST
- Transcribing agency: NUST
130 ## - HEADING--UNIFORM TITLE
- Uniform title: Merrill's international series in engineering technology
670 ## - SOURCE DATA FOUND
- Source citation: Work cat.: (NUST)0: Roze, Maris. 7452, Technical communication :, c1994.
